| 000 | 00908nas a2200301 4500 | ||
|---|---|---|---|
| 001 | BR0102460 | ||
| 003 | BR-BrBNA | ||
| 005 | 20231205102241.0 | ||
| 007 | ta | ||
| 008 | 230509b bl.|||p| |||| 00| 00por d | ||
| 040 |
_aBR-BrBNA _bpor _cBiblioteca Nacional de Agricultura |
||
| 041 | _a(Pt) | ||
| 072 | _aL02 | ||
| 100 | 1 | _aTrindade Neto, M.A. da | |
| 100 | 1 | _aKronka, R.N. | |
| 100 | 1 | _aBarbosa, H.P.Sordi, I.M.P. de | |
| 100 | 1 | _aSchammass, E.A. | |
| 245 | 1 | _aNiveis de lisina para suinos na fase inicial-1 do crescimento, desempenho e retencao de nitrogenio | |
| 650 | _aLeitao | ||
| 650 | _aLisina | ||
| 650 | _aNitrogenio | ||
| 650 | _aCrescimento | ||
| 650 | _aNutricao Animal | ||
| 650 | _aGanho de Peso | ||
| 773 | 0 |
_tBoletim de Industria Animal (Brazil) _xISSN 0067-9615 _g(2000), v. 57(1) p. 65-74 _wBR0102460 |
|
| 909 |
_a202311 _bLúcia _c55 _dLúcia Elande |
||
| 942 |
_2AGRIS _n0 _cANA |
||
| 999 |
_c166560 _d166560 |
||